La niña de los embustes : Teresa de Manzanares /

Alonso de Castillo Solórzano (Tordesillas, 1584 - ¿Zaragoza, 1648?), formó parte del grupo de Lope de Vega y participó en el famoso pleito con los culteranos. Vivió en distintas ciudades españolas, al servicio de familias nobiliarias, bajo cuyo mecenazgo desarrolló gran parte de su obra. Es consider...

תיאור מלא

שמור ב:
מידע ביבליוגרפי
מחבר ראשי: Castillo Solórzano, Alonso de (autor)
פורמט: ספר
שפה:ספרדית
יצא לאור: Madrid, España : Aguilar, 1964, c1964
סדרה:(Crisol ; 21)
נושאים:
תגים: הוספת תג
אין תגיות, היה/י הראשונ/ה לתייג את הרשומה!

MARC

LEADER 00000nam^a2200000^a^4500
001 000187630
005 20250526000000.0
009 20260310102310.394
037 |a Acervo ITESO - Biblioteca 
041 |a ESP 
082 |a 863.  |b CAS 
100 |a Castillo Solórzano, Alonso de  |e (autor) 
240 1 1 |a [Teresa de Manzanares] 
245 1 3 |a La niña de los embustes :  |b Teresa de Manzanares /  |c A. de Castillo Solórzano. 
264 4 |a Madrid, España :  |b Aguilar,  |c 1964, c1964 
300 |a 583 p. ;  |c 8.5 cm. 
336 |a texto  |b txt  |2 rdacontenido 
337 |a sin mediación  |b n  |2 rdamedio 
338 |a volumen  |b nc  |2 rdasoporte 
440 1 |a (Crisol ;  |v 21) 
520 |a Alonso de Castillo Solórzano (Tordesillas, 1584 - ¿Zaragoza, 1648?), formó parte del grupo de Lope de Vega y participó en el famoso pleito con los culteranos. Vivió en distintas ciudades españolas, al servicio de familias nobiliarias, bajo cuyo mecenazgo desarrolló gran parte de su obra. Es considerado el creador de la "comedia de figurón", un subgénero cercano a la farsa, derivado de la comedia de capa y espada, y caracterizado por la presencia de personajes con rasgos ridículos y ambiente atravesado por cierto provincialismo. Es autor de una extensa obra que incluye: Donaires del Parnaso, El marqués de Cigarral , Los alivios de Casandra, La niña de los embustes, Tardes entretenidas, Jornadas alegres, Noches de placer, Fiestas de jardín, Tiempos de regocijo, Epítome de la vida y hechos del ínclito rey don Pedro de Aragón, Sagrario de Valencia y Aventuras del bachiller Trapaza, entre otros. 
649 |a XX 
650 |a Novela Española 
650 |a Literatura Española -  |y Siglo XVII 
650 |a Literatura Española -  |y Epoca Clásica, 1500-1700 
910 |a Fondo General 
920 |a Impresos - Libros 
930 |a Libros Antiguos y Raros 
940 |a Literatura 
905 |a 108 
901 |a 0500130276  |b IT2  |c LRA  |u 20250526 
902 |a https://opac.biblio.iteso.mx/vufind/Record/000187630